Diseño de un plan de marketing para incrementar ventas en un 20% con relación al año 2011 en la empresa FERROMAX sucursal Rivas.
Presenta un plan de marketing estructurado de orden lógico y concatenado que está orientado a mejorar la comercialización de toda la línea de techos que oferta Ferromax sucursal Rivas, definiendo campos de responsabilidad y estableciendo métodos de control que garanticen el cumplimiento del pla...
| Main Authors: | , , |
|---|---|
| Other Authors: | |
| Format: | Tesis Section = Libro |
| Language: | Undetermined Spanish |
| Published: |
Managua
UNI
2012
|
| Subjects: |
| LEADER | 01260nam a2200277Ia 4500 | ||
|---|---|---|---|
| 008 | 240830s9999 xx 000 0 und d | ||
| 040 | |a BIBLIOTECA-RUPAP Mon 658.84 A473 | ||
| 041 | |a spa | ||
| 082 | |a Mon 658.84 A473 | ||
| 100 | 1 | |a Alvares Obregón, Omar Antonio | |
| 100 | 1 | |b Bonilla Noguera, Néstor José | |
| 100 | 1 | |c Román Canales, Allan José | |
| 245 | 1 | 0 | |a Diseño de un plan de marketing para incrementar ventas en un 20% con relación al año 2011 en la empresa FERROMAX sucursal Rivas. |
| 260 | |a Managua |b UNI |c 2012 | ||
| 300 | |a 122 p. :il. | ||
| 500 | |a Contiene: anexos e Incluye: CD. | ||
| 502 | |a Tesis (Ingeniero Industrial)- UNI, 2012. | ||
| 520 | 3 | |a Presenta un plan de marketing estructurado de orden lógico y concatenado que está orientado a mejorar la comercialización de toda la línea de techos que oferta Ferromax sucursal Rivas, definiendo campos de responsabilidad y estableciendo métodos de control que garanticen el cumplimiento del plan en cuestión. | |
| 650 | 7 | |a MARKETING | |
| 650 | 7 | |b COMERCIALIZACIÓN | |
| 650 | 7 | |c MECANISMOS DE DISTRIBUCION | |
| 650 | 7 | |d CANALES DE COMERCIALIZACION | |
| 700 | 1 | |a Tutor: |b Chavarría González, Denis Róger | |
| 942 | |c BK |2 ddc | ||
| 991 | |a TESIS | ||
| 999 | |c 17693 | ||